| 000 | 00561nam a22001697a 4500 | ||
|---|---|---|---|
| 003 | AUA.1 | ||
| 005 | 20251118144832.0 | ||
| 008 | 250714b |||||||| |||| 00| 0 eng d | ||
| 040 | _cJTL | ||
| 100 | _aMwamzuka, Wilson | ||
| 245 |
_aSeventh-day Adventist mission strategies assessment among Rabai communities in coastal Kenya / _cWilson Mwamzuka. |
||
| 260 | _cc2025. | ||
| 300 |
_av, 104 leaves : _bIllustrations : _c30cm. |
||
| 650 |
_aSeventh-day Adventists _xMissions |
||
| 651 | _aRabai, Kenya | ||
| 942 |
_2aua _cPROJECT _hMA Miss _i.M83 2025 |
||
| 999 |
_c25216 _d25216 |
||